|
|
|
|
| LEADER |
00000nam a2200000 a 4500 |
| 005 |
20120213140757.0 |
| 007 |
cr|||| |||| |
| 008 |
101109s2010 sp 000 0 spa c |
| 017 |
|
|
|a DL AB. 284-2010
|
| 020 |
|
|
|a 9788415000068
|
| 035 |
|
|
|a 5801
|
| 040 |
|
|
|d vLex
|
| 080 |
|
|
|a 331-056.26
|
| 080 |
|
|
|a 331-056.36
|
| 090 |
|
|
|c 2988
|d 2988
|
| 100 |
1 |
|
|a Ruiz Castillo, Mara̕ del Mar
|
| 245 |
1 |
0 |
|a Igualdad y no discriminacin̤
|h [Recurso electrn̤ico] :
|b la proyeccin̤ sobre el tratamiento laboral de la discapacidad /
|c Mara̕ del Mar Ruiz Castillo
|
| 256 |
|
|
|a Servicio en ln̕ea
|
| 260 |
|
|
|a Albacete :
|b Bomarzo,
|c 2010
|
| 300 |
|
|
|a 1 recurso electrn̤ico
|
| 506 |
1 |
|
|a Contenido solo disponible en los productos indicados
|d vLex Global
|d vLex Global (Academic Edition, excluding Law Schools)
|d vLex Global (U.S. Academic Edition, Law Schools)
|d vLex Global (U.S. Academic Edition, excluding Law Schools)
|d vLex Global (Academic Edition, Law Schools)
|
| 650 |
0 |
4 |
|a Discapacitados
|x Trabajo
|z Espaą
|
| 650 |
0 |
4 |
|a Discapacitados
|x Trabajo
|x Derecho y legislacin̤
|
| 650 |
0 |
4 |
|a Discapacitados
|x Trabajo
|
| 650 |
0 |
4 |
|a Discriminacin̤ en el trabajo
|
| 740 |
0 |
|
|a vLex Libros (Servicio en ln̕ea)
|
| 830 |
|
0 |
|a Estudios (Bomarzo)
|
| 856 |
4 |
0 |
|u http://vlex.com/source/igualdad-no-discriminacion-proyeccion-tratamiento-laboral-discapacidad-5801
|z Acceso restringido
|
| 942 |
|
|
|c BOOK
|
| 999 |
0 |
|
|a People with disabilities
|
| 999 |
0 |
|
|a Labor laws and legislation
|